000 00766nam a2200253Ia 4500
003 OSt
005 20220928124434.0
006 a|||||r|||| 00| 0
007 ta
008 220927b |||||||| |||| 00| 0 eng d
024 _a43109
037 _cTextual
040 _aSDCL
_cSDCL
_beng
041 _2eng
_aeng
082 _aXM8:8DS.2'N8, N0
100 _aBiswasroy Prasanna K
_9465233
245 0 _aCorporate sickness and institutional financing in India
260 _aNew Delhi
_bAshish Publishing
_c1990
300 _axvi,223p
_ccm.
700 _a Panda Jagannath
_9465234
700 _a Sahu Promod K
_9400604
942 _hXM8:8DS.2'N8, N0
_cTEXL
_2CC
999 _c778118
_d778118